01170nam a22001217a 4500008004100000100002200041245008000063260004700143300003200190520067900222650010000901773004701001201012b ||||| |||| 00| 0 eng d aCohodes, Sarah R. aThe long-run impacts of specialized programming for high-achieving students aAmerican Economic Journal: Economic Policy a12(1), Feb, 2020: p. 127-66 aI evaluate long-run academic impacts of specialized programming for high-achieving students by analyzing Advanced Work Class (AWC), an accelerated curriculum delivered in dedicated classrooms for fourth through sixth graders in Boston Public Schools. Fuzzy regression discontinuity estimates show that AWC has positive yet imprecise impacts on test scores and improves longer-term outcomes, increasing high school graduation and college enrollment. These gains are driven by black and Latino students. An analysis of mechanisms highlights the importance of staying "on track" throughout high school, with little evidence that AWC gains result from peer effects. - Reproduced aAnalysis of Education, Economics of minorities, Races, Indigenous peoples, Labor discrimination aAmerican Economic Journal: Economic Policy